[Event "AUTO-OPEN-4253"]
[Site "http://www.queenalice.com/game.php?id=1641756"]
[Date "2021.1.28"]
[Round "1"]
[White "glennedy"]
[Black "Rafale2000"]
[Result "0-1"]
[WhiteElo "1953"]
[BlackElo "1930"]

1. d4 Nf6 2. c4 c5 3. d5 d6 4. Nc3 Nbd7 5. Nf3 g6 6. e4 Bg7 7. Bd3 O-O 8. O-O
Ng4 9. Bd2 Nge5 10. Nxe5 Nxe5 11. Bc2 Nxc4 12. b3 Nxd2 13. Qxd2 Qa5 14. Rac1
Qxc3 15. Qe2 a6 16. Bb1 Qb2 17. Rc2 Qa3 18. f4 b6 19. e5 dxe5 20. fxe5 Bf5 21.
Rd2 Bxb1 22. Rxb1 Qb4 23. d6 exd6 24. exd6 Rad8 25. d7 Bd4+ 26. Kh1 Rxd7 27.
Rbd1 Qb5 28. Qg4 Re7 29. Rd3 Qxd3 0-1

[Event "AUTO-OPEN-4253"]
[Site "http://www.queenalice.com/game.php?id=1641757"]
[Date "2021.1.28"]
[Round "1"]
[White "Rafale2000"]
[Black "glennedy"]
[Result "1-0"]
[WhiteElo "1955"]
[BlackElo "1953"]

1. e4 c5 2. Nf3 d6 3. d4 cxd4 4. Nxd4 e5 5. Bb5+ Bd7 6. Bxd7+ Qxd7 7. Nf3 Nf6 8.
O-O Nxe4 9. Re1 Nf6 10. Nc3 Be7 11. Bg5 O-O 12. Nd5 Nxd5 13. Qxd5 Nc6 14. Nxe5
Nxe5 15. Rxe5 Bxg5 16. Rxg5 Rae8 17. Qd4 f6 18. Rd5 Re6 19. Rd1 Rfe8 20. g3 Qc6
21. c4 Re4 22. Qd3 Rxc4 23. Rxd6 Qc7 24. Rd8 Rxd8 25. Qxd8+ Qxd8 26. Rxd8+ Kf7
27. Rd7+ Kg6 28. Rxb7 a5 29. Rb5 a4 30. a3 f5 31. Kg2 Kg5 32. h4+ Kf6 33. Kf3 h6
34. Rb4 Rc2 35. Rb6+ Kf7 36. Ke3 g6 37. h5 g5 38. Kf3 Rc4 39. Rb4 Rc2 40. Rxa4
Rxb2 41. Ra8 Rc2 42. a4 Ke7 43. a5 Kf7 44. a6 Kg7 45. a7 Ra2 46. Ke3 Ra4 47. f4
g4 48. Kd3 Kf7 49. Rh8 1-0

[Event "AUTO-ADV-4457"]
[Site "http://www.queenalice.com/game.php?id=1641843"]
[Date "2021.1.28"]
[Round "1"]
[White "saida"]
[Black "glennedy"]
[Result "0-1"]
[WhiteElo "1810"]
[BlackElo "1942"]

1. d4 Nf6 2. Nc3 e6 3. Bg5 Be7 4. e4 d5 5. Bd3 O-O 6. Bxf6 Bxf6 7. e5 Be7 8. Nf3
f6 9. O-O c5 10. exf6 Rxf6 11. Ne2 Nc6 12. dxc5 Bxc5 13. Ng5 h6 14. Nf3 e5 15.
Nh4 Rxf2 16. Rxf2 Bxf2+ 17. Kxf2 Qxh4+ 18. Kg1 Bg4 19. g3 Qh3 20. Qf1 Qh5 21.
Qg2 e4 22. Bb5 Ne5 23. Nd4 Bh3 24. Qe2 Ng4 25. Bd7 Rf8 26. Ne6 Rf2 27. Nf4 Rxe2
28. Nxh5 Rg2+ 29. Kf1 Ne3+ 30. Ke1 Bxd7 31. c3 Bg4 32. Nf4 Rg1+ 0-1

[Event "AUTO-ADV-4457"]
[Site "http://www.queenalice.com/game.php?id=1641844"]
[Date "2021.1.28"]
[Round "1"]
[White "glennedy"]
[Black "saida"]
[Result "0-1"]
[WhiteElo "1918"]
[BlackElo "1804"]

1. d4 Nf6 2. c4 e6 3. Nf3 Bb4+ 4. Bd2 Bxd2+ 5. Nfxd2 Nc6 6. e3 d5 7. Nc3 O-O 8.
Bd3 dxc4 9. Bxc4 a6 10. a3 Re8 11. O-O e5 12. dxe5 Nxe5 13. Ba2 Neg4 14. Qf3 Be6
15. Rfd1 Bxa2 16. Rxa2 Ne5 17. Qh3 Nfg4 18. Nf3 Qf6 19. Ne4 Qc6 20. Neg5 h6 21.
Nxe5 Rxe5 22. Nxf7 Rd5 23. Nxh6+ gxh6 24. Qxg4+ Rg5 25. Qh3 Qc2 26. Qe6+ Kh8 27.
Qf6+ Kg8 28. Raa1 Rf5 29. Qe6+ Rf7 30. f3 Qf5 31. Qxh6 Rg7 32. f4 Qe4 33. Qh3
Rh7 34. Qf3 Qxf3 0-1

[Event "AUTO-ADV-4457"]
[Site "http://www.queenalice.com/game.php?id=1641857"]
[Date "2021.1.28"]
[Round "1"]
[White "glennedy"]
[Black "Canaye"]
[Result "1-0"]
[WhiteElo "1966"]
[BlackElo "1819"]

1. d4 e6 2. c4 d5 3. Nf3 c5 4. Bf4 Nc6 5. e3 cxd4 6. Nxd4 Bb4+ 7. Nc3 Nge7 8.
Bd3 Bd7 9. Rc1 Nxd4 10. exd4 O-O 11. O-O Rc8 12. c5 Bxc3 13. Rxc3 Nc6 14. Bb1 g6
15. Bh6 Re8 16. f4 Qh4 17. Bg5 Qh5 18. Qxh5 gxh5 19. Rg3 Kf8 20. Bf6 Ne7 21.
Bxh7 Ng6 22. Rg5 Red8 23. Rf3 Ke8 24. Rh3 Bc6 25. f5 Nf8 26. Rhxh5 Nxh7 27. Rxh7
Rc7 28. Rg8+ Kd7 29. Rxd8# 1-0

[Event "AUTO-ADV-4457"]
[Site "http://www.queenalice.com/game.php?id=1641858"]
[Date "2021.1.28"]
[Round "1"]
[White "Canaye"]
[Black "glennedy"]
[Result "1-0"]
[WhiteElo "1806"]
[BlackElo "1976"]

1. d4 Nf6 2. c4 e6 3. Nc3 Bb4 4. Qc2 b6 5. a3 Bxc3+ 6. Qxc3 O-O 7. e3 Ne4 8. Qc2
Bb7 9. Bd3 d5 10. cxd5 exd5 11. Ne2 Re8 12. O-O Nd7 13. b4 Ndf6 14. Bb2 Ng4 15.
h3 Ngf6 16. Rac1 Rc8 17. f3 Nd6 18. Ng3 Rxe3 19. Nf5 Re8 20. Qf2 g6 21. Nh6+ Kf8
22. Ng4 Nh5 23. Ne5 Nf4 24. Bb1 Ba6 25. Rfe1 Qg5 26. Kh2 f6 27. h4 Qh5 28. g4
Qh6 29. Nc6 Re2 30. Rxe2 Bxe2 31. Re1 Re8 32. Bc1 g5 33. Bxf4 gxf4 34. Rxe2 Ra8
35. Re7 Rc8 36. Rxh7 1-0

[Event "AUTO-ADV-4457"]
[Site "http://www.queenalice.com/game.php?id=1641859"]
[Date "2021.1.28"]
[Round "1"]
[White "glennedy"]
[Black "Eggchaser"]
[Result "1-0"]
[WhiteElo "1945"]
[BlackElo "1790"]

1. d4 Nf6 2. c4 Nc6 3. e3 e6 4. Nc3 Bb4 5. Bd2 d6 6. Bd3 O-O 7. Nf3 Bxc3 8. Bxc3
e5 9. dxe5 dxe5 10. Nxe5 Nxe5 11. Bxe5 Qe7 12. Bc3 Rd8 13. Qe2 a5 14. O-O Be6
15. b3 h6 16. Rad1 Bg4 17. f3 Bd7 18. e4 Qc5+ 19. Kh1 Qb6 20. e5 1-0

[Event "AUTO-ADV-4457"]
[Site "http://www.queenalice.com/game.php?id=1641860"]
[Date "2021.1.28"]
[Round "1"]
[White "Eggchaser"]
[Black "glennedy"]
[Result "0-1"]
[WhiteElo "1780"]
[BlackElo "1955"]

1. Nf3 d5 2. b4 a6 3. Bb2 Nc6 4. a3 e6 5. e3 Nf6 6. c4 Be7 7. d3 O-O 8. Be2 dxc4
9. dxc4 Qxd1+ 10. Bxd1 Bd7 11. Bc2 Rad8 12. Nbd2 Ng4 13. Ne4 f5 14. Ned2 Bf6 15.
Bxf6 Rxf6 16. h3 Nge5 17. Nxe5 Nxe5 18. Nb3 Nxc4 19. Nc5 Bc6 0-1